000 00575nam a2200205Ia 4500
999 _c25059
_d25059
003 0100
005 20180323085304.0
008 130303s9999 xx 000 0 und d
020 _a0195703154
040 _cARRUPELIB
050 _aBL2480.X55H63 1982
100 _aHodgson, Janet
_940889
245 4 _aThe God of the Xhosa
_ba study of the origins and development of the traditional concepts of the supreme being
_cJanet Hodgson
260 _aCape town
_bOxford University Press
_c1982
300 _axiv
300 _b 131p. 22cm.
650 _bXhosa (African people)
_xReligion
_940890
942 _2lcc
_cMONOGRAPH